000 00562nam a2200181Ia 4500
008 090123s9999 xx 000 0 und d
082 _b8463
100 _aगवाणकर आशा
245 _aकाम करु प्रेम करु
250 _a1
260 _bकेमकर प्रकाशन
300 _a24
600 _aगवाणकर आशा
630 _aकाम करु प्रेम करु
700 _aगवाणकर आशा
730 _aकाम करु प्रेम करु
942 _cBOOK
999 _c46529
_d46529